| 000 | 00546nam a22001817a 4500 | ||
|---|---|---|---|
| 005 | 20170517142747.0 | ||
| 010 | _aENG-118214 | ||
| 020 |
_a9789384275310 _c995.00 |
||
| 035 | _aEN-101746 | ||
| 037 | _bDBAD/PUB | ||
| 082 | _a306.4409545 | ||
| 100 | _aRajan, Samita | ||
| 245 |
_a Language politics in north east india/ _cby Samita Rajan |
||
| 260 |
_aIndia _bNE BOOKS AND PUBLISHERS _c2017 |
||
| 270 | _aNational Highway Silchar- 788005 Assam, India | ||
| 300 |
_a186p.. _c23cm. (Hb) |
||
| 942 |
_2ddc _cEN _h306.4409545 _mRAJ |
||
| 999 |
_c140029 _d140029 |
||